000
00296nam a22001457a 4500
020
_a
81-7573-670-4
082
_a
001
_b
DUA/F
100
_a
DUA,SHYAM
245
_a
FESTIVALS
250
_a
FIRST
260
_a
DELHI
_c
2004
300
_a
108
650
_a
ABOUT INDIAN FESTVALS
_z
INDIA
942
_c
BK
999
_c
6642
_d
6642